The Hazardous Waste (England and Wales) Regulations 2005 (Record no. 104348)
[ view plain ]
| 000 -LEADER | |
|---|---|
| fixed length control field | 01600cam a2200229 4500 |
| 001 - CONTROL NUMBER | |
| control field | L130096 |
| 008 - FIXED-LENGTH DATA ELEMENTS--GENERAL INFORMATION | |
| fixed length control field | 050621n2005 000 0 eng u |
| 020 ## - INTERNATIONAL STANDARD BOOK NUMBER | |
| International Standard Book Number | 0110726855 |
| 035 ## - SYSTEM CONTROL NUMBER | |
| System control number | (Sirsi) u130096 |
| 041 ## - LANGUAGE CODE | |
| Language code of text/sound track or separate title | eng |
| 245 #4 - TITLE STATEMENT | |
| Title | The Hazardous Waste (England and Wales) Regulations 2005 |
| 260 ## - PUBLICATION, DISTRIBUTION, ETC. | |
| Place of publication, distribution, etc. | London |
| Name of publisher, distributor, etc. | TSO |
| Date of publication, distribution, etc. | 2005 |
| 490 ## - SERIES STATEMENT | |
| Series statement | SI |
| Volume/sequential designation | 2005:894 |
| 520 ## - SUMMARY, ETC. | |
| Summary, etc. | Set out the regime for the control and tracking of the movement of hazardous waste for the purpose of implementing the hazardous waste directive (Directive 91/689/EC). Extends to England and Wales although the only provisions applying to Wales are modifications to the Environmental Protection Act 1990 contained in Part XI of the regulations. Repeal the Special Waste Regulations 1996 replacing the term special waste with hazardous waste. Parts I-III define hazardous waste and set out how the regulations apply to that waste. Other parts cover: the ban on mixing hazardous waste; notification of the removal of hazardous waste; movement of hazardous waste; records and returns; the requisite bodies; emergencies and grave danger; enforcement; amendments to other legislation; and transitional provisions. |
| 590 ## - LOCAL NOTE (RLIN) | |
| Local note | IKA040705 |
| 650 ## - SUBJECT ADDED ENTRY--TOPICAL TERM | |
| Topical term or geographic name entry element | HAZARDOUS WASTE (ENGLAND AND WALES) REGULATIONS 2005 |
| 650 ## - SUBJECT ADDED ENTRY--TOPICAL TERM | |
| Topical term or geographic name entry element | ENVIRONMENTAL PROTECTION ACT 1990 |
| 650 ## - SUBJECT ADDED ENTRY--TOPICAL TERM | |
| Topical term or geographic name entry element | SPECIAL WASTE REGULATIONS 1996 |
| 690 ## - LOCAL SUBJECT ADDED ENTRY--TOPICAL TERM (OCLC, RLIN) | |
| Topical term or geographic name as entry element | ENVIRONMENTAL AND LAND CONSULTANCY-WASTE MANAGEMENT-HAZARDOUS WASTE TREATMENT |
| 856 ## - ELECTRONIC LOCATION AND ACCESS | |
| Uniform Resource Identifier | <a href="https://www.legislation.gov.uk/uksi/2005/894/contents/made">https://www.legislation.gov.uk/uksi/2005/894/contents/made</a> |
| Public note | View the Regulations at www.legislation.gov.uk... |
| 942 ## - ADDED ENTRY ELEMENTS (KOHA) | |
| Suppress in OPAC | 0 |
| Withdrawn status | Lost status | Source of classification or shelving scheme | Damaged status | Not for loan | Home library | Current library | Shelving location | Date acquired | Total Checkouts | Full call number | Barcode | Date last seen | Copy number | Price effective from | Koha item type |
|---|---|---|---|---|---|---|---|---|---|---|---|---|---|---|---|
| Dewey Decimal Classification | Virtual | Virtual | Online | 21/06/2005 | ONLINE PUBLICATION | 130096-2001 | 06/08/2019 | 1 | 06/08/2019 | Book |